A second look is always a good idea : comments on the Van Deraa and Schug replication study (Record no. 76692)

MARC details
000 -CABECERA
campo de control de longitud fija 00634nam a2200217 a 4500
005 - FECHA Y HORA DE LA ÚLTIMA TRANSACCIÓN
campo de control 20210219153431.0
008 - ELEMENTOS DE LONGITUD FIJA--INFORMACIÓN GENERAL
campo de control de longitud fija 991125n 000 0 u
035 ## - NÚMERO DE CONTROL DEL SISTEMA
Número de control de sistema UPN01000099141
100 ## - ASIENTO PRINCIPAL--NOMBRE PERSONAL
Nombre de persona Fouts, Jeffrey T.
222 ## - TÍTULO CLAVE
Título clave SOCIAL EDUCATION
245 ## - MENCIÓN DE TÍTULO
Título A second look is always a good idea : comments on the Van Deraa and Schug replication study
300 ## - DESCRIPCIÓN FÍSICA
Extensión 120-121
362 ## - FECHAS DE PUBLICACIÓN Y/O DESIGNACIÓN SECUENCIAL
Fecha de publicación y/o designación secuencial 57, No. 3, 1993
505 ## - NOTA DE CONTENIDO CON FORMATO PREESTABLECIDO
Nota de contenido con formato Octubre 1993
653 0# - TERMINO DE INDIZACION - NO CONTROLADO
Término no controlado EFICACIA DE LA ENSE\197ANZA
653 0# - TERMINO DE INDIZACION - NO CONTROLADO
Término no controlado ENTRENADORES ATLETICOS
653 0# - TERMINO DE INDIZACION - NO CONTROLADO
Término no controlado ESTUDIOS SOCIALES
653 0# - TERMINO DE INDIZACION - NO CONTROLADO
Término no controlado INNOVACION EDUCATIVA
904 ## - ELEMENTOS DE DATOS D LOCAL, LDD (RLIN)
a AC
b 036952
905 ## - TIPO DE MATERIAL
Tipo de material Articulo

No items available.